|
|
|
|
| LEADER |
00000nam0a2200000 4500 |
| 001 |
339385 |
| 005 |
20231102005135.0 |
| 035 |
|
|
|a (RuTPU)RU\TPU\book\365900
|
| 090 |
|
|
|a 339385
|
| 100 |
|
|
|a 20171219d1964 k y0rusy50 ca
|
| 101 |
0 |
|
|a rus
|
| 102 |
|
|
|a RU
|
| 105 |
|
|
|a a z 101zy
|
| 200 |
1 |
|
|a Теория инвариантности в системах автоматического управления
|e труды 2 Всесоюзного совещания, состоявшегося в Киеве 29 мая-1 июня 1962 года
|f Академия наук Украинской ССР (АН УССР) ; Академия наук СССР (АН СССР), Институт автоматики и телемеханики (технической кибернетики) (ИАТ) ; под ред. В. С. Кулебакина, под ред. Б. Н. Петрова
|
| 210 |
|
|
|a Москва
|c Наука
|d 1964
|
| 215 |
|
|
|a 504 с.
|c ил.
|
| 320 |
|
|
|a Библиография в конце статей
|
| 606 |
1 |
|
|a Автоматическое управление
|x Оптимальное
|x Математические исследования
|2 stltpush
|3 (RuTPU)RU\TPU\subj\953
|9 29758
|
| 610 |
1 |
|
|a автоматические устройства
|
| 610 |
1 |
|
|a инвариантные системы
|
| 610 |
1 |
|
|a оптимизация
|
| 610 |
1 |
|
|a статистические методы
|
| 610 |
1 |
|
|a регулируемые координаты
|
| 610 |
1 |
|
|a применение
|
| 610 |
1 |
|
|a комбинированные системы
|
| 610 |
1 |
|
|a многосвязанные системы
|
| 610 |
1 |
|
|a импульсные системы
|
| 610 |
1 |
|
|a цифровые системы
|
| 610 |
1 |
|
|a самонастраивающиеся системы
|
| 610 |
1 |
|
|a стабилизация
|
| 610 |
1 |
|
|a регуляторы
|
| 610 |
1 |
|
|a управление
|
| 675 |
|
|
|a 681.51.01:517(063)
|v 4
|
| 702 |
|
1 |
|a Кулебакин
|b В. С.
|4 340
|
| 702 |
|
1 |
|a Петров
|b Б. Н.
|4 340
|
| 712 |
0 |
2 |
|a Академия наук Украинской ССР (АН УССР)
|c (1936-1991)
|2 stltpush
|3 (RuTPU)RU\TPU\col\332
|
| 712 |
0 |
2 |
|a Академия наук СССР (АН СССР)
|b Институт автоматики и телемеханики (технической кибернетики) (ИАТ)
|c (Москва)
|c (1939-1969)
|2 stltpush
|3 (RuTPU)RU\TPU\col\5481
|
| 712 |
1 |
2 |
|a Теория инвариантности в системах автоматического управления
|c совещание
|d 2
|e Киев
|f 1962
|4 570
|
| 801 |
|
1 |
|a RU
|b 63413507
|c 20171219
|
| 801 |
|
2 |
|a RU
|b 63413507
|c 20180220
|g RCR
|
| 942 |
|
|
|c BK
|